Pokémon - Equipes Dresseurs Paldea - Statistiques

Statistiques générales
  • Ce quiz a été pris 178 fois
    82 depuis la dernière actualisation
  • Le résultat moyen est 160 sur 307
Statistiques - réponses
Dresseur Pokémon % Correct
Flâmigator
100%
Miascarade
100%
Palmaval
100%
Aquali
88%
Canarbello
88%
Chochodile
88%
Menzi Coiffeton
88%
Crocogril
88%
Kombu Délestin
88%
Dogrino
88%
Matourgeon
88%
Pania Noctali
88%
Nymphali
88%
Poussacha
88%
Pyroli
88%
Simularbre
88%
Voltali
88%
Mashynn Zapétrel
88%
Altaria
75%
Ampibidou
75%
Arcanin
75%
Hassa Bruyverne
75%
Crabominable
75%
Deusolourdo
75%
Dracolosse
75%
Ectoplasma
75%
Étouraptor
75%
Feunard
75%
Feunard d'Alola
75%
Florges
75%
Fulgulairo
75%
Gardevoir
75%
Gigansel
75%
Le programme "Défense Paradis" Koraidon
75%
Lougaroc forme Crépusculaire
75%
Lougaroc forme Diurne
75%
Lougaroc forme Nocturne
75%
Magirêve
75%
Le programme "Défense Paradis" Miraidon
75%
Muplodocus
75%
Popi Pachyradjah
75%
Phyllali
75%
Pohm
75%
Pohmarmotte
75%
Pohmotte
75%
Salarsen forme Grave
75%
Selutin
75%
Terraiste
75%
Tranchodon
75%
Ursaring
75%
Vrombotor
75%
Arboliva
63%
Ortiga Azumarill
63%
Balbalèze
63%
Bekipan
63%
Briochien
63%
Camérupt
63%
Carmadura
63%
Meloco Chartor
63%
Chevroum
63%
Cizayox
63%
Cléopsytra
63%
Corvaillus
63%
Courrousinge
63%
Crocorible
63%
Démolosse
63%
Dimoret
63%
Donphan
63%
Ékaïser
63%
Élekable
63%
Épine-de-Fer
63%
Tully Farigiraf
63%
Ferdeter
63%
Flamenroule
63%
Floréclat
63%
Fongus-Furie
63%
Forgelina
63%
Fragilady
63%
Gallame
63%
Gambex
63%
Garde-de-Fer
63%
Glaivodo
63%
Grodoudou
63%
Hotte-de-Fer
63%
Hurle-Queue
63%
Lanssorien
63%
Lucario
63%
Luxray
63%
Laïm Mimiqui
63%
Turum(IA) Mite-de-Fer
63%
Momartik
63%
Noctunoir
63%
Olivini
63%
Olim(IA) Rampe-Ailes
63%
Rocabot
63%
Rongrigou
63%
Rugit-Lune
63%
Scalpereur
63%
Scovilain
63%
Teddiursa
63%
Terracool
63%
Terracruel
63%
Têtes-de-Fer
63%
Tissenboule
63%
Tomberro
63%
Tropius
63%
Branette
50%
Chapignon
50%
Colza Chlorobule
50%
Nèflie Coatox
50%
Crustabri
50%
Okuba Dodoala
50%
Électrode
50%
Félinferno
50%
Filentrappe
50%
Flotte-Mèche
50%
Fragroin
50%
Gaulet
50%
Givrali
50%
Golemastoc
50%
Grahyèna
50%
Grotadmorv
50%
Hariyama
50%
Kokiyas
50%
Kravarech
50%
Léviator
50%
Neva la Grand-mère Lugulabre
50%
Magnézone
50%
Mélodelfe
50%
Monthracite
50%
Ohmassacre
50%
Oniglali
50%
Paume-de-Fer
50%
Pelage-Sablé
50%
Polagriffe
50%
Pomdorochi
50%
Pomdramour
50%
Pomdrapi
50%
Quartermac
50%
Ronflex
50%
Pepper Rongourmand
50%
Brome Scalpion
50%
Séracrawl
50%
Spiritomb
50%
Sucreine
50%
Tauros
50%
Tauros Race Aquatique
50%
Tauros Race Flamboyante
50%
Téraclope
50%
Théffroyable
50%
Triopikeau
50%
Trousselin
50%
Yanma
50%
Yanméga
50%
Aligatueur
38%
Angoliath
38%
Apireine
38%
Archéodong
38%
Cayenn Barbicha
38%
Bastiodon
38%
Grusha Beldeneige
38%
Blindépique
38%
Blizzaroi
38%
Bourrinos
38%
Brutalibré
38%
Chapotus
38%
Charmina
38%
Colhomard
38%
Colossinge
38%
Corboss
38%
Desséliande
38%
Duralugon
38%
Foretress
38%
Gamblast
38%
Goupelin
38%
Goupix
38%
Clavel le Proviseur Gouroutan
38%
Grodrive
38%
Gueriaigle
38%
Kapoera
38%
Éra Lilliterelle
38%
Luxio
38%
Mamanbo
38%
Mammochon
38%
Roseille Medhyèna
38%
Erio Moufflair
38%
Mucuscule
38%
Lithia Noarfang
38%
Plumeline
38%
Poltchageist
38%
Polthégeist
38%
Porygon-Z
38%
Prédastérie
38%
Ptitard
38%
Scarhino
38%
Scorplane
38%
Scorvol
38%
Smogogo
38%
Sorcilence
38%
Tarpaud
38%
Tartard
38%
MC Kilpatron Ténéfix
38%
Tengalice
38%
Têtarte
38%
Torgamord
38%
Torterra
38%
Triopikeur
38%
Amphinobi
25%
Archéduc
25%
Avaltout
25%
Baggaïd
25%
Bazoucan
25%
Bétochef
25%
Cacturne
25%
Dolman
25%
Empiflor
25%
Famignol
25%
Flagadoss
25%
Flagadoss de Galar
25%
Floramantis
25%
Fouinar
25%
Kassis Fouinette
25%
Harrington Fourbelin
25%
Haydaim forme Automne
25%
Élige Hexadron
25%
Ludicolo
25%
Manternel
25%
Méganium
25%
Milobellus
25%
Morpeko
25%
Nigosier
25%
Saguaro Pachirisu
25%
Rafflesia
25%
Raichu
25%
Rubombelle
25%
Sablaireau d'Alola
25%
Séviper
25%
Kunitsuna le Visage du Monstre Strassie
25%
Tarinorme
25%
Wattapik
25%
Aubin le Grand-père Arbok
13%
Munechika le Visage du Monstre Capidextre
13%
Charmilly
13%
Couverdure
13%
Grolem
13%
Groret
13%
Hachécateur
13%
Mimosa Hypnomade
13%
Lucanon
13%
Luminéon
13%
Paragruel
13%
Persian
13%
Sepiatroce
13%
Sidérella
13%
Simiabraz
13%
Tarenbulle
13%
Trépassable
13%
Mora Zoroark
13%
Aucun quiz correspondant
Distribution des résultats
% des personnes avec chaque résultat
Percentile par nombre de réponses
Votre historique - résultats
Vous n’avez pas pris ce quiz depuis la dernière actualisation